000 00345nam a22001457a 4500
008 210311b ||||| |||| 00| 0 eng d
020 _a9780205487776
041 _aeng
080 _24th
_a37
082 _a37
100 _a46
101 _aEDU
245 _aExploring Child Welfare a Practice Prespective
_cCrosson-Tower, C
942 _2udc
_cBK
999 _c56376
_d56376